000 00876nam a2200253 i 4500
001 94923
003 ES-MaACL
005 20250901054527.0
007 t|
008 050518s1926 sp ||||1| spa d
100 1 _aLudovici, Anthony M.
_974615
245 1 0 _aLysístrata o el porvenir de la mujer y la mujer del porvenir /
_cAnthony M. Ludovici ; prólogo de Norman Haire ; traducción de M. Ortega y Gasset.
260 _aMadrid :
_bRevista de Occidente,
_c1926.
300 _a126 p. ;
_c16 cm.
490 1 _aHoy y mañana ;
_v2
650 7 _aMujeres
_2embne
_915251
650 7 _aCrítica literaria feminista
_2embne
_9144492
700 1 _aHaire, Norman.
_961502
700 1 _aOrtega y Gasset, Manuel,
_dm. 1965
_9164717
830 1 _aHoy y mañana ;
_v2
_9226796
852 4 _aES-MaACL
_jD-5751
852 4 _aES-MaACL
_jB-3809
999 _c94923
_d94923